Normal view MARC view
  • Scotland

Entry Corporate Name

Number of records used in: 24

001 - CONTROL NUMBER

  • control field: 4769

003 - CONTROL NUMBER IDENTIFIER

  • control field: SIRSI

005 - DATE AND TIME OF LATEST TRANSACTION

  • control field: 20190806150236.0

008 - FIXED-LENGTH DATA ELEMENTS

  • fixed length control field: 050926n| aaannaabn |n ana d

040 ## - CATALOGING SOURCE

  • Original cataloging agency: OSt
  • Transcribing agency: OSt

110 1# - HEADING--CORPORATE NAME

  • Corporate name or jurisdiction name as entry element: Scotland
  • Subordinate unit: Scottish Executive

670 ## - SOURCE DATA FOUND

  • Source citation: A practical guide to the strategic environmental assessment directive, 2005